Sacred earth dramas: an anthology of winning plays from the 1990 competition of the sacred eart drama trust (Record no. 595955)

MARC details
000 -LEADER
fixed length control field 00627nam a2200145Ia 4500
008 - FIXED-LENGTH DATA ELEMENTS--GENERAL INFORMATION
fixed length control field 100415s9999 xx 000 0 und d
082 ## - DEWEY DECIMAL CLASSIFICATION NUMBER
Item number 13039
Classification number 828
100 ## - MAIN ENTRY--PERSONAL NAME
Personal name Brown Kerry (ed.)
245 ## - TITLE STATEMENT
Title Sacred earth dramas: an anthology of winning plays from the 1990 competition of the sacred eart drama trust
260 ## - PUBLICATION, DISTRIBUTION, ETC. (IMPRINT)
Place of publication, distribution, etc LONDON
Date of publication, distribution, etc 1993
Name of publisher, distributor, etc FABER & FABER
365 ## - TRADE PRICE
Price amount 0
630 ## - SUBJECT ADDED ENTRY--UNIFORM TITLE
Uniform title Sacred earth dramas: an anthology of winning plays from the 1990 competition of the sacred eart drama trust
730 ## - ADDED ENTRY--UNIFORM TITLE
Uniform title Sacred earth dramas: an anthology of winning plays from the 1990 competition of the sacred eart drama trust
942 ## - ADDED ENTRY ELEMENTS (KOHA)
Koha item type Book
Holdings
Withdrawn status Lost status Damaged status Not for loan Home library Current library Date acquired Cost, normal purchase price Total Checkouts Full call number Barcode Date last seen Price effective from Koha item type
        Bombay Natural History Society Bombay Natural History Society 08/26/1994 0.00   828 13039 BNHS-13039 04/15/2010 04/15/2010 Book